[Event "Russian Championship B15 1st league 2016"]
[Site "Loo"]
[Date "2016.04.21"]
[Round "2.15"]
[White "Suvorov, Aleksandr"]
[Black "Yangutov, Aleksey"]
[Result "1/2-1/2"]
[WhiteElo "1907"]
[BlackElo "1723"]
[PlyCount "96"]
[EventDate "2016.04.20"]

1. e4 c5 2. Nf3 Nc6 3. c3 Qa5 4. d4 cxd4 5. Nxd4 g6 6. Nxc6 bxc6 7. Qd4 e5 8.
Qd1 d6 9. Be3 Nf6 10. f3 Rb8 11. Qd2 Qc7 12. c4 Bg7 13. Nc3 O-O 14. Be2 Rd8 15.
O-O Be6 16. Rac1 Qa5 17. b3 d5 18. cxd5 cxd5 19. Nxd5 Qxd2 20. Bxd2 Nxd5 21.
exd5 Rxd5 22. Be3 Ra5 23. Rc2 Bf5 24. Rd2 Bf8 25. Bc4 Bb4 26. Re2 Bc5 27. Bxc5
Rxc5 28. Rfe1 Re8 29. g4 Bd7 30. h3 Kg7 31. Kg2 g5 32. h4 gxh4 33. Rh1 e4 34.
Rxh4 exf3+ 35. Kxf3 Bc6+ 36. Kf2 Rxe2+ 37. Kxe2 Re5+ 38. Kf2 Ra5 39. a4 Re5 40.
Rh3 Bd7 41. Kf3 Rg5 42. Rg3 Kf6 43. Kf4 h5 44. gxh5 Rf5+ 45. Ke3 Rxh5 46. Rf3+
Bf5 47. b4 Rh3 48. b5 Rxf3+ 1/2-1/2

[Event "Russian Championship B15 1st league 2016"]
[Site "Loo"]
[Date "2016.04.21"]
[Round "2.16"]
[White "Koliev, Irlan"]
[Black "Gabdrakhmanov, Azat"]
[Result "0-1"]
[WhiteElo "1737"]
[BlackElo "1904"]
[PlyCount "204"]
[EventDate "2016.04.20"]

1. d4 Nf6 2. c4 c5 3. Nf3 cxd4 4. Nxd4 b6 5. Nc3 Bb7 6. f3 e6 7. e4 d6 8. Be3
a6 9. Be2 Nbd7 10. O-O Be7 11. Qd2 O-O 12. Rac1 Rc8 13. Rfd1 Qc7 14. a3 Qb8 15.
b4 Bd8 16. Nb3 Bc7 17. Bf4 Ne5 18. Bxe5 dxe5 19. Qe3 Nh5 20. Na4 Nf4 21. Bf1
Bc6 22. Nb2 f5 23. b5 axb5 24. cxb5 Bb7 25. g3 Kh8 26. Nd3 Nxd3 27. Rxd3 fxe4
28. fxe4 Bd8 29. Bg2 Rxc1+ 30. Nxc1 Qc7 31. Rc3 Qd7 32. Qd3 Qf7 33. Qc2 Be7 34.
Nd3 Bxe4 35. Nxe5 Bxc2 36. Nxf7+ Rxf7 37. Rxc2 Bxa3 38. Rc8+ Rf8 39. Rxf8+ Bxf8
40. Kf2 Kg8 41. h3 Kf7 42. Ke3 Kf6 43. Ke4 Bd6 44. g4 Kg5 45. Bf1 Bh2 46. Bc4
e5 47. Bd3 h6 48. Bf1 Bg3 49. Bg2 Bf4 50. Bf1 g6 51. Bg2 Kh4 52. Kf3 Bc1 53.
Bf1 Kg5 54. Bd3 Bf4 55. Be4 Bd2 56. Bd3 Be1 57. Be4 Kf6 58. Bd5 Ke7 59. Ke4 Bg3
60. Kf3 Bf4 61. Ke4 Kd6 62. Bf7 g5 63. Bd5 Kc5 64. Bc6 Kc4 65. Be8 Kc3 66. Bc6
Kd2 67. Kf3 Ke1 68. Be4 Kf1 69. Bd3+ Kg1 70. Bc4 Kh2 71. Bf1 Bg3 72. Ke3 Kg1
73. Bd3 Kg2 74. Bg6 Kxh3 75. Bh5 Be1 76. Kf3 Bc3 77. Bg6 Bd2 78. Bh5 Kh4 79.
Bg6 Bf4 80. Bh5 Kh3 81. Bg6 Kh2 82. Kf2 Bd2 83. Kf3 Bc3 84. Bh5 Kg1 85. Ke4 Kf2
86. Bg6 Kg3 87. Bf5 Bd4 88. Bc8 Kh4 89. Bf5 h5 90. gxh5 Kxh5 91. Kf3 Kh4 92.
Be6 Bb2 93. Bd7 Bc1 94. Be6 g4+ 95. Kf2 e4 96. Bd5 e3+ 97. Kf1 Kg3 98. Ke2 Kh2
99. Bc6 g3 100. Kf1 e2+ 101. Kxe2 g2 102. Bxg2 Kxg2 0-1

[Event "Russian Championship B15 1st league 2016"]
[Site "Loo"]
[Date "2016.04.21"]
[Round "2.17"]
[White "Zhafyarov, Adel"]
[Black "Karamov, Stepan"]
[Result "1-0"]
[WhiteElo "1899"]
[BlackElo "1707"]
[PlyCount "119"]
[EventDate "2016.04.20"]

1. d4 d5 2. c4 e6 3. Nc3 c6 4. Nf3 dxc4 5. a4 Bb4 6. e3 b5 7. Bd2 a5 8. axb5
Bxc3 9. Bxc3 cxb5 10. b3 Bb7 11. bxc4 b4 12. Bd2 Nf6 13. Be2 O-O 14. O-O Nbd7
15. Qb3 Qe7 16. Rfc1 e5 17. c5 Bc6 18. Qb2 e4 19. Ne1 Nd5 20. Bd1 Rfb8 21. Ba4
Qe6 22. Ra2 Ra6 23. Rca1 Rba8 24. Nc2 Nf8 25. Qb3 Qd7 26. Qc4 Nc7 27. Bxc6 Qxc6
28. h3 Nd7 29. Bxb4 Nb6 30. Qe2 axb4 31. Rxa6 Rxa6 32. Rxa6 Nxa6 33. Qxa6 b3
34. Na3 Qa4 35. Qxa4 Nxa4 36. Nb1 Kf8 37. Kf1 Ke7 38. Ke2 Ke6 39. Kd2 Kd7 40.
Nc3 Nb2 41. Nxe4 Nc4+ 42. Kc3 b2 43. Kc2 Kc6 44. Nc3 Kb7 45. Na4 Na3+ 46. Kxb2
Nb5 47. Kb3 Kc6 48. Nc3 Nc7 49. Kc4 f5 50. d5+ Kd7 51. f3 Ne8 52. e4 fxe4 53.
fxe4 Nf6 54. e5 Nh5 55. Ne2 g6 56. c6+ Kc7 57. Kc5 Ng7 58. d6+ Kd8 59. Nd4 Ne6+
60. Nxe6+ 1-0

[Event "Russian Championship B15 1st league 2016"]
[Site "Loo"]
[Date "2016.04.21"]
[Round "2.18"]
[White "Fomichev, Ilya"]
[Black "Badalian, Daniel"]
[Result "0-1"]
[WhiteElo "1723"]
[BlackElo "1898"]
[PlyCount "86"]
[EventDate "2016.04.20"]

1. e4 e5 2. Nf3 Nc6 3. Bb5 a6 4. Ba4 Nf6 5. O-O Be7 6. Re1 b5 7. Bb3 d6 8. c3
O-O 9. h3 Bb7 10. d4 Re8 11. Nbd2 Bf8 12. Bc2 g6 13. Nf1 exd4 14. cxd4 Nb4 15.
Ng3 Nxc2 16. Qxc2 h6 17. Bd2 Qe7 18. Ba5 c5 19. dxc5 dxc5 20. e5 Nd5 21. Ne4
Qe6 22. Rad1 Kh8 23. Nxc5 Qc6 24. Rc1 Rac8 25. b4 Nf4 26. Qb3 Nxh3+ 27. Kh2 Ng5
28. Nxb7 Qxb7 29. Nxg5 hxg5 30. Red1 Bg7 31. e6 Rxc1 32. exf7 Be5+ 33. g3 Rf8
34. Rxc1 Rxf7 35. Rc8+ Kg7 36. Rc2 Kf8 37. Kg1 Rh7 38. f3 Qd7 39. Rh2 Qd4+ 40.
Kh1 Rxh2+ 41. Kxh2 Qf2+ 42. Kh1 Bxg3 43. Qd1 Qh2# 0-1

[Event "Russian Championship B15 1st league 2016"]
[Site "Loo"]
[Date "2016.04.21"]
[Round "2.19"]
[White "Morgachev, Sergey"]
[Black "Chizho, Aleksandr"]
[Result "0-1"]
[WhiteElo "1721"]
[BlackElo "1893"]
[PlyCount "84"]
[EventDate "2016.04.20"]

1. d4 c5 2. d5 e5 3. c4 d6 4. Nc3 Be7 5. e3 f5 6. b3 Nf6 7. Bb2 O-O 8. Bd3 Qe8
9. Qc2 e4 10. Bf1 a6 11. Nh3 Nbd7 12. Nf4 Ne5 13. Be2 g5 14. Nh3 Qg6 15. Na4
Nfd7 16. O-O-O Rb8 17. f4 exf3 18. gxf3 b5 19. cxb5 axb5 20. Nc3 Qh6 21. Nf2 c4
22. Rdg1 cxb3 23. axb3 b4 24. Na4 Bb7 25. Qd2 Qh4 26. Nd3 Nxd3+ 27. Bxd3 Bxd5
28. Bxf5 Rxf5 29. Rg4 Qh5 30. e4 Bxe4 31. Rxe4 Qxf3 32. Rhe1 Ne5 33. Bxe5 Rxe5
34. Rxe5 dxe5 35. Rxe5 Rc8+ 36. Kb1 Qxb3+ 37. Nb2 Bf6 38. Rxg5+ Kh8 39. Rg3 Rc3
40. Qf2 Rxg3 41. hxg3 Qxb2+ 42. Qxb2 Bxb2 0-1

[Event "Russian Championship B15 1st league 2016"]
[Site "Loo"]
[Date "2016.04.21"]
[Round "2.20"]
[White "Vasiliev, Georgiy"]
[Black "Kumakov, Ivan"]
[Result "1-0"]
[WhiteElo "1886"]
[BlackElo "1697"]
[PlyCount "67"]
[EventDate "2016.04.20"]

1. d4 c5 2. d5 f5 3. Nf3 g6 4. Nc3 Bg7 5. g3 Nf6 6. Bg2 O-O 7. O-O d6 8. Nd2
Nbd7 9. e4 Nb6 10. a4 fxe4 11. Ndxe4 Nxe4 12. Nxe4 Bf5 13. Re1 Bxe4 14. Rxe4
Bd4 15. Rxd4 cxd4 16. Bh3 e5 17. dxe6 Qf6 18. Qe2 Nd5 19. Bh6 Rfe8 20. Qd2 Ne7
21. Bg5 Qg7 22. Qf4 Qf8 23. Qxd4 Nf5 24. Qd5 Rac8 25. g4 Ng7 26. e7+ Qf7 27.
Qxf7+ Kxf7 28. Bg2 Rc5 29. f4 Ne6 30. b4 Rxc2 31. Bd5 Rd2 32. Bxe6+ Kxe6 33.
f5+ gxf5 34. Bxd2 1-0

[Event "Russian Championship B15 1st league 2016"]
[Site "Loo"]
[Date "2016.04.21"]
[Round "2.21"]
[White "Kisarov, Timur"]
[Black "Zavialov, Nikita A"]
[Result "1/2-1/2"]
[WhiteElo "1697"]
[BlackElo "1883"]
[PlyCount "89"]
[EventDate "2016.04.20"]

1. e4 c5 2. c3 e6 3. d4 d5 4. exd5 exd5 5. Nf3 Nf6 6. Bb5+ Nc6 7. Bg5 Bg4 8.
O-O Be7 9. dxc5 O-O 10. Bxf6 Bxf6 11. Nbd2 Ne5 12. Be2 Qc7 13. Nxe5 Bxe2 14.
Qxe2 Bxe5 15. Nf3 Bf6 16. Qb5 Rac8 17. Rab1 Qxc5 18. Qxb7 Qa5 19. a3 Rb8 20.
Qd7 Rfd8 21. Qg4 Rb3 22. Nd2 Rb6 23. Rfc1 Rdb8 24. Rc2 Qa6 25. Qf3 Qa4 26. Qd3
Bg5 27. h3 h6 28. Nf3 Bf6 29. Re2 Qb5 30. Qxb5 Rxb5 31. Rc2 Rb3 32. Nd2 R3b6
33. b3 Rc6 34. Rbc1 Rbc8 35. c4 dxc4 36. Rxc4 Rxc4 37. Rxc4 Rb8 38. b4 Rd8 39.
Rc2 Rd3 40. Nc4 Rb3 41. Kf1 Be7 42. g3 Rf3 43. Ke2 Rb3 44. Kd2 Rf3 45. Ke2
1/2-1/2

[Event "Russian Championship B15 1st league 2016"]
[Site "Loo"]
[Date "2016.04.21"]
[Round "2.22"]
[White "Vashchenko, Lev"]
[Black "Tyurin, Ilya"]
[Result "0-1"]
[WhiteElo "1469"]
[BlackElo "1860"]
[PlyCount "94"]
[EventDate "2016.04.20"]

1. e4 c6 2. d4 d5 3. exd5 cxd5 4. c4 Nf6 5. Nc3 e6 6. Nf3 Bb4 7. Bg5 Nc6 8. Bd3
dxc4 9. Bxc4 O-O 10. O-O Be7 11. Re1 Nb4 12. Qb3 Nc6 13. Qd1 Na5 14. Bd3 b6 15.
Bxf6 Bxf6 16. Be4 Rb8 17. Ne5 Bb7 18. Re3 Bxe4 19. Nxe4 Bxe5 20. dxe5 Qxd1+ 21.
Rxd1 Nc4 22. Rg3 Nxe5 23. f4 Ng6 24. Rd7 a6 25. Ra3 Nxf4 26. Rxa6 Nd5 27. Ra3
h6 28. Nc3 Rfd8 29. Rxd8+ Rxd8 30. Nxd5 Rxd5 31. Rb3 b5 32. Kf2 f5 33. Ke3 Kf7
34. g3 Kf6 35. Rc3 Re5+ 36. Kf3 Rd5 37. Ke3 Kg5 38. h3 e5 39. Rc7 g6 40. Rc6
Kh5 41. a3 e4 42. Ke2 Rd3 43. g4+ Kg5 44. h4+ Kxg4 45. Rxg6+ Kxh4 46. Rxh6+ Kg5
47. b4 Kxh6 0-1

[Event "Russian Championship B15 1st league 2016"]
[Site "Loo"]
[Date "2016.04.21"]
[Round "2.24"]
[White "Sanarov, Leonid"]
[Black "Shmelev, Mikhail"]
[Result "1/2-1/2"]
[WhiteElo "1849"]
[BlackElo "1589"]
[PlyCount "84"]
[EventDate "2016.04.20"]

1. c4 Nf6 2. g3 g6 3. Bg2 Bg7 4. Nc3 O-O 5. e3 d6 6. Nge2 c6 7. O-O e5 8. d3
Na6 9. Rb1 Nc7 10. b4 Be6 11. b5 cxb5 12. Nxb5 d5 13. Ba3 a6 14. Bxf8 axb5 15.
Bxg7 Kxg7 16. cxb5 Rxa2 17. Nc3 Ra5 18. Qd2 b6 19. d4 e4 20. f3 exf3 21. Bxf3
Bd7 22. e4 dxe4 23. Nxe4 Bf5 24. Rbe1 Bxe4 25. Bxe4 Nxb5 26. d5 Nd6 27. Bg2 Nf5
28. Re5 h6 29. Qb2 Qa8 30. g4 Ra2 31. Qc3 Ra3 32. Qb2 Ra2 33. Qc3 Ra3 34. Qc4
Ra4 35. Qc6 Nxg4 36. Rexf5 gxf5 37. Rxf5 Ra1+ 38. Rf1 Rxf1+ 39. Bxf1 Qa5 40. d6
Qa2 41. Qg2 Qxg2+ 42. Bxg2 Ne5 1/2-1/2

[Event "Russian Championship B15 1st league 2016"]
[Site "Loo"]
[Date "2016.04.21"]
[Round "2.25"]
[White "Marchuk, Rostislav"]
[Black "Prishibilovich, Matvei"]
[Result "1-0"]
[WhiteElo "2039"]
[BlackElo "1629"]
[PlyCount "133"]
[EventDate "2016.04.20"]

1. d4 d5 2. Bf4 Bf5 3. c4 e6 4. Qb3 Nc6 5. Nf3 Rb8 6. Nc3 Nf6 7. e3 h6 8. Be2
Be7 9. O-O O-O 10. Qa4 a6 11. h3 Bd6 12. Ne5 Qe8 13. Rfd1 dxc4 14. Bf3 Nb4 15.
Qxe8 Rfxe8 16. e4 Bh7 17. a3 Nc6 18. Nxc6 bxc6 19. e5 Nd5 20. Bxd5 cxd5 21.
exd6 cxd6 22. Rd2 Rb6 23. a4 Reb8 24. Ra2 g5 25. Bg3 f5 26. f4 R8b7 27. a5 Rc6
28. Re2 Kf7 29. Ra3 Kf6 30. Na4 g4 31. Bh4+ Kf7 32. Nb6 Bg8 33. Rc3 Kf8 34. Kh2
h5 35. Kg3 Bf7 36. Bf6 Kg8 37. Kh4 Kh7 38. Kg5 Rb8 39. Kh4 Rb7 40. Re1 Kg6 41.
Bg5 Bg8 42. Rec1 Bf7 43. Re1 Kh7 44. b3 Kg7 45. Kg3 Kh7 46. Kh2 Kg7 47. Re2 Kh7
48. bxc4 dxc4 49. Rxc4 Rbxb6 50. axb6 Rxc4 51. Rb2 Rc8 52. b7 Rb8 53. Be7 d5
54. Bd6 Rxb7 55. Rxb7 Kg6 56. h4 Be8 57. Be5 a5 58. Rg7+ Kh6 59. Re7 Bb5 60.
Rxe6+ Kh7 61. Re7+ Kg6 62. Rb7 Be8 63. Ra7 a4 64. Kg3 Bb5 65. Ra5 Bc6 66. Ra6
Kf7 67. Rxc6 1-0

[Event "Russian Championship B15 1st league 2016"]
[Site "Loo"]
[Date "2016.04.21"]
[Round "2.26"]
[White "Shaidullin, Ratmir"]
[Black "Novikov, Roman"]
[Result "0-1"]
[WhiteElo "1647"]
[BlackElo "2021"]
[PlyCount "118"]
[EventDate "2016.04.20"]

1. d4 Nf6 2. Nf3 e6 3. Bg5 d5 4. e3 c5 5. c3 Nc6 6. Bd3 h6 7. Bh4 Be7 8. O-O
Ne4 9. Bxe7 Qxe7 10. Bxe4 dxe4 11. Nfd2 cxd4 12. Nxe4 f5 13. Qh5+ Kf8 14. Ng3
dxe3 15. fxe3 Qc5 16. Qe2 Kf7 17. Kh1 Rd8 18. e4 Kg8 19. Nd2 a5 20. exf5 exf5
21. Qc4+ Qxc4 22. Nxc4 Be6 23. Nb6 Ra6 24. Na4 Rd5 25. Rae1 Kf7 26. c4 Re5 27.
Rxe5 Nxe5 28. b3 g6 29. Nc5 Ra7 30. Ne2 b6 31. Nxe6 Kxe6 32. Nf4+ Kf7 33. Re1
Ng4 34. Kg1 Nf6 35. Rd1 g5 36. Nd5 Rd7 37. Ne3 Rxd1+ 38. Nxd1 Ke6 39. Nc3 Kd6
40. Kf2 Kc5 41. h3 Kb4 42. Nb5 Ne4+ 43. Kf3 Nc3 44. Nd4 Nxa2 45. Nxf5 Kxb3 46.
Nxh6 Nc3 47. Nf7 a4 48. Nxg5 a3 49. h4 a2 50. h5 a1=Q 51. h6 Qd1+ 52. Kf4 Qh5
53. h7 Kxc4 54. Kf5 b5 55. g4 Qh6 56. Nf3 Qxh7+ 57. Kf4 Qe4+ 58. Kg3 Ne2+ 59.
Kf2 Qxg4 0-1

[Event "Russian Championship B15 1st league 2016"]
[Site "Loo"]
[Date "2016.04.21"]
[Round "2.27"]
[White "Stepanenko, Kirill"]
[Black "Volkov, Andrey"]
[Result "0-1"]
[WhiteElo "1670"]
[BlackElo "1935"]
[PlyCount "80"]
[EventDate "2016.04.20"]

1. e4 c5 2. f4 d5 3. e5 Nc6 4. Nf3 Bg4 5. Be2 e6 6. O-O Nge7 7. d3 Nf5 8. Ng5
Bxe2 9. Qxe2 Be7 10. Nf3 O-O 11. c4 dxc4 12. dxc4 Qb6 13. Nc3 Rfd8 14. g4 Nfd4
15. Qf2 Qb4 16. Nd2 Rd7 17. a3 Qa5 18. Nde4 Qa6 19. Nb5 Nxb5 20. cxb5 Qxb5 21.
Be3 b6 22. Qg2 Rad8 23. Nc3 Qd3 24. Rf3 Nd4 25. Bxd4 Qxd4+ 26. Kh1 Qd2 27. Rf2
Qe3 28. Rf3 Qd4 29. Raf1 c4 30. Qg3 Qc5 31. f5 Qc6 32. Kg1 Bc5+ 33. Re3 Rd3 34.
Rff3 Rxe3 35. Rxe3 Rd3 36. Kf2 Bxe3+ 37. Qxe3 Rxe3 38. Kxe3 a5 39. Kd4 Qc5+ 40.
Ke4 b5 0-1

[Event "Russian Championship B15 1st league 2016"]
[Site "Loo"]
[Date "2016.04.21"]
[Round "2.28"]
[White "Stepanov, Andrey"]
[Black "Perov, German"]
[Result "1-0"]
[WhiteElo "1922"]
[BlackElo "1676"]
[PlyCount "117"]
[EventDate "2016.04.20"]

1. e4 c5 2. Nf3 Nc6 3. d4 cxd4 4. Nxd4 g6 5. Nc3 Bg7 6. Be3 Nf6 7. Bc4 O-O 8.
Bb3 a5 9. f3 d5 10. exd5 Nb4 11. Ndb5 a4 12. Nxa4 Nfxd5 13. Bd2 Rxa4 14. Bxa4
Qa5 15. O-O Qxa4 16. c4 Nc2 17. b3 Qa6 18. Qxc2 Bf5 19. Qd1 Rd8 20. Qe2 Bxa1
21. Rxa1 Qb6+ 22. Kh1 Nc7 23. Nc3 Qd6 24. Rd1 Bc2 25. Rc1 Qxd2 26. Rxc2 Qd4 27.
g3 Ne6 28. Kg2 Qf6 29. Nd5 Qg5 30. f4 Qh6 31. Nxe7+ Kf8 32. Nd5 Qg7 33. Qe1 Re8
34. Re2 Qd4 35. Qd2 Qc5 36. Qb2 Nd4 37. Rxe8+ Kxe8 38. Qc3 Nf5 39. Qe5+ Kd8 40.
Qb8+ Kd7 41. Qxb7+ Kd6 42. Qxf7 Qa5 43. Qf8+ Kd7 44. Qf7+ Kd8 45. Qf6+ Kd7 46.
Nc3 Qa8+ 47. Kh3 Qf3 48. c5 Qh5+ 49. Kg2 Ne3+ 50. Kg1 Qxc5 51. Qe5 Qxe5 52.
fxe5 Ng4 53. h3 Nxe5 54. Kf2 Kd6 55. Ke3 g5 56. Ne4+ Ke6 57. Nxg5+ Kf5 58. Nf3
h5 59. Nd4+ 1-0

[Event "Russian Championship B15 1st league 2016"]
[Site "Loo"]
[Date "2016.04.21"]
[Round "2.29"]
[White "Shilo, Kirill"]
[Black "Shengeliya, Mikhail"]
[Result "1-0"]
[WhiteElo "1586"]
[BlackElo "1910"]
[PlyCount "81"]
[EventDate "2016.04.20"]

1. d4 d5 2. Nf3 e6 3. Bf4 c6 4. c3 f5 5. e3 Nf6 6. Be2 Be7 7. h3 O-O 8. O-O
Nbd7 9. c4 Ne4 10. Nc3 Ndf6 11. Ne5 Bd6 12. Qc1 Bd7 13. f3 Nxc3 14. bxc3 Qe7
15. c5 Bb8 16. Rb1 b6 17. cxb6 axb6 18. Rxb6 Rxa2 19. Bd3 Bxe5 20. Bxe5 Rfa8
21. Rb2 R2a7 22. Qb1 Qd8 23. Rb7 Rxb7 24. Qxb7 Nh5 25. Rb1 Ra2 26. Rb2 Rxb2 27.
Qxb2 Qg5 28. Qb8+ Kf7 29. Bf4 Qh4 30. Qc7 Qe1+ 31. Kh2 Nf6 32. Ba6 Qxc3 33. Bc8
Ke8 34. Bxd7+ Nxd7 35. Bd6 Qxe3 36. Qc8+ Kf7 37. Qxd7+ Kg6 38. Be5 Qh6 39.
Qxe6+ Kg5 40. f4+ Kh4 41. g3+ 1-0

[Event "Russian Championship B15 1st league 2016"]
[Site "Loo"]
[Date "2016.04.21"]
[Round "2.30"]
[White "Yashmetov, Nikolay"]
[Black "Klimashkin, Igor"]
[Result "0-1"]
[WhiteElo "1896"]
[BlackElo "1584"]
[PlyCount "106"]
[EventDate "2016.04.20"]

1. e4 e5 2. Nf3 Nc6 3. Bb5 Nf6 4. O-O Be7 5. Re1 d6 6. c3 Bd7 7. d3 O-O 8. Ba4
Re8 9. Nbd2 Bf8 10. Nf1 a6 11. h3 b5 12. Bc2 Ne7 13. Bg5 Ng6 14. d4 h6 15. Bd2
Bc6 16. Ng3 Qc8 17. a4 Qb7 18. d5 Bd7 19. a5 c5 20. b4 cxb4 21. cxb4 Rec8 22.
Bd3 Rc7 23. Kh2 Qc8 24. Ng1 Be7 25. N1e2 Nh7 26. Rf1 Bg5 27. Rb1 Bxd2 28. Qxd2
Ng5 29. f4 exf4 30. Nxf4 Ne5 31. Nge2 Bxh3 32. Nxh3 Qxh3+ 33. gxh3 Ngf3+ 34.
Kg2 Nxd2 35. Rbc1 Rxc1 36. Rxc1 Nxd3 37. Rd1 Nxb4 38. Rxd2 Rc8 39. Nd4 Kf8 40.
h4 h5 41. Nf5 Rd8 42. Kf3 g6 43. Nd4 Rc8 44. Kf4 Rc3 45. Kg5 Rd3 46. Nc6 Rxd2
47. Nxb4 Rd4 48. Nxa6 Ra4 49. Nc7 Rxa5 50. e5 dxe5 51. d6 b4 52. Kf6 e4 53. d7
Rf5# 0-1

[Event "Russian Championship B15 1st league 2016"]
[Site "Loo"]
[Date "2016.04.21"]
[Round "2.31"]
[White "Anikiev, Yan"]
[Black "Hein, Vladimir"]
[Result "0-1"]
[WhiteElo "1628"]
[BlackElo "1866"]
[PlyCount "140"]
[EventDate "2016.04.20"]

1. e4 c5 2. Nf3 e6 3. c4 Nc6 4. Nc3 e5 5. d3 g6 6. g3 Bg7 7. Bg2 Nge7 8. O-O
O-O 9. a3 d6 10. Rb1 a5 11. Bd2 f5 12. exf5 gxf5 13. Bg5 h6 14. Bh4 Be6 15. Qd2
Qd7 16. Bxe7 Qxe7 17. Na2 Qd8 18. b4 axb4 19. axb4 b6 20. Nh4 Qd7 21. Bxc6 Qxc6
22. Ng6 Rfe8 23. bxc5 dxc5 24. Qe3 Bf7 25. Nh4 Qf6 26. Nc3 e4 27. Nb5 Rad8 28.
Nc7 Re7 29. Nd5 Bxd5 30. cxd5 Rxd5 31. dxe4 Rxe4 32. Qb3 c4 33. Qxb6 Qxb6 34.
Rxb6 Rc5 35. Rc1 c3 36. Rc2 Rd4 37. Nf3 Rd7 38. Kg2 Rcc7 39. Rb5 Rf7 40. Rb4
Rb7 41. Rxb7 Rxb7 42. Kh3 Rb2 43. Rxb2 cxb2 44. Nd2 Kf7 45. g4 Ke6 46. f4 Bc3
47. Nb1 Be1 48. g5 hxg5 49. fxg5 Kf7 50. Kg2 Kg6 51. Kf3 Kxg5 52. Ke2 Bh4 53.
Kd1 Kg4 54. Kc2 Bf6 55. Nd2 f4 56. Ne4 Bg7 57. Nf2+ Kf3 58. Nd3 Ke3 59. h4 f3
60. h5 f2 61. Nxf2 Kxf2 62. h6 Bh8 63. Kb1 Ke2 64. Kc2 Bf6 65. h7 Bh8 66. Kb1
Kd2 67. Ka2 Kc2 68. Ka3 b1=Q 69. Ka4 Bc3 70. Ka3 Qb3# 0-1

[Event "Russian Championship B15 1st league 2016"]
[Site "Loo"]
[Date "2016.04.21"]
[Round "2.32"]
[White "Tambovtsev, Daniil"]
[Black "Tikhonov, Viacheslav"]
[Result "1/2-1/2"]
[WhiteElo "1864"]
[BlackElo "1611"]
[PlyCount "47"]
[EventDate "2016.04.20"]

1. d4 Nf6 2. Nf3 c5 3. d5 d6 4. c4 e6 5. Nc3 exd5 6. cxd5 g6 7. g3 Bg7 8. Bg2
O-O 9. O-O Na6 10. e4 Bg4 11. Qb3 Qe7 12. Nd2 Rab8 13. a4 Ne8 14. Nc4 Nb4 15.
Ne3 Bd7 16. Bd2 b5 17. axb5 Bxb5 18. Nxb5 Rxb5 19. Nc4 Qb7 20. Na3 Rb6 21. Nc4
Rb5 22. Na3 Rb6 23. Nc4 Rb5 24. Na3 1/2-1/2

[Event "Russian Championship B15 1st league 2016"]
[Site "Loo"]
[Date "2016.04.21"]
[Round "2.33"]
[White "Medvedev, Semen"]
[Black "Fokeev, Boris"]
[Result "1-0"]
[WhiteElo "1856"]
[BlackElo "1478"]
[PlyCount "61"]
[EventDate "2016.04.20"]

1. e4 e6 2. d4 d5 3. Nc3 Bb4 4. e5 c5 5. a3 Bxc3+ 6. bxc3 Qa5 7. Bd2 Qa4 8. Qb1
c4 9. Ne2 Nc6 10. Ng3 Nge7 11. Nh5 O-O 12. Qd1 Bd7 13. h4 Kh8 14. Bg5 h6 15.
Qd2 Ng8 16. g4 Be8 17. Be3 Nce7 18. Bh3 Kh7 19. g5 Ng6 20. Bg4 b5 21. gxh6 Nxh6
22. Bxh6 gxh6 23. Nf6+ Kg7 24. h5 Ne7 25. Rg1 Rh8 26. Bf5+ Kf8 27. Nh7+ Rxh7
28. Bxh7 Nf5 29. Bxf5 exf5 30. Qxh6+ Ke7 31. Qd6# 1-0

[Event "Russian Championship B15 1st league 2016"]
[Site "Loo"]
[Date "2016.04.21"]
[Round "2.34"]
[White "Glukhov, Dmitriy"]
[Black "Gozgeshev, Eldar"]
[Result "1-0"]
[WhiteElo "1824"]
[BlackElo "1567"]
[PlyCount "121"]
[EventDate "2016.04.20"]

1. d4 e6 2. Nf3 d5 3. c4 Nf6 4. g3 c5 5. cxd5 Nxd5 6. Bg2 Nc6 7. O-O cxd4 8.
Nxd4 Qb6 9. Nxc6 bxc6 10. b3 Be7 11. Bb2 O-O 12. Nc3 Rd8 13. Qc2 Bb7 14. a3
Rac8 15. Ne4 h6 16. Rfd1 c5 17. Nd2 Ba6 18. Nc4 Bxc4 19. Qxc4 Nf6 20. Be5 Nd7
21. Bc3 Bf6 22. Bxf6 Nxf6 23. Rac1 Rxd1+ 24. Rxd1 Qa5 25. a4 Qb4 26. Rc1 Qd2
27. Qc2 Qd4 28. Qc3 Qxc3 29. Rxc3 Nd5 30. Rd3 Nb4 31. Rd7 a6 32. Bb7 Rb8 33.
Rc7 Kf8 34. e3 Ke8 35. Kf1 g6 36. Ke2 a5 37. Bf3 Na6 38. Rc6 Ra8 39. Rxe6+ fxe6
40. Bxa8 Kd7 41. h4 Kd6 42. Be4 g5 43. hxg5 hxg5 44. Kd3 Nb4+ 45. Kc4 Na2 46.
f4 gxf4 47. exf4 e5 48. f5 Nc1 49. Bf3 Ke7 50. Bd1 Kf6 51. g4 e4 52. Kxc5 e3
53. b4 e2 54. Bxe2 axb4 55. Bd1 b3 56. a5 b2 57. Bc2 Na2 58. a6 Nc3 59. a7 b1=Q
60. Bxb1 Nxb1 61. a8=Q 1-0

[Event "Russian Championship B15 1st league 2016"]
[Site "Loo"]
[Date "2016.04.21"]
[Round "2.35"]
[White "Maslov, Serafim"]
[Black "Grigoriants, Boris"]
[Result "0-1"]
[WhiteElo "1341"]
[BlackElo "1801"]
[PlyCount "102"]
[EventDate "2016.04.20"]

1. g4 d5 2. Bg2 Bxg4 3. c4 Nf6 4. Qb3 Qc8 5. cxd5 c6 6. Nc3 e6 7. e4 e5 8. Bf1
Bd6 9. Bc4 O-O 10. h3 Bh5 11. a4 Nbd7 12. dxc6 Qxc6 13. Bd5 Nxd5 14. Qxd5 Qxd5
15. Nxd5 Nc5 16. f3 Rac8 17. Nc3 Be7 18. Ke2 Rfd8 19. Rh2 Ne6 20. Nd5 Bc5 21.
Rg2 Rxd5 22. exd5 Nf4+ 23. Kf1 Nxg2 24. Kxg2 Bxg1 25. Kxg1 Bxf3 26. d6 Rd8 27.
Ra3 e4 28. Rc3 h6 29. Rc7 Rxd6 30. Kf2 Kh7 31. Rxb7 Rc6 32. Rxa7 Rxc1 33. Rxf7
Rc2 34. Rd7 Rxb2 35. a5 Ra2 36. Rd5 Kg6 37. Ke3 Kf7 38. Rd7+ Kf6 39. Ra7 g6 40.
Ra8 Bg2 41. Ra6+ Kf5 42. h4 Bf1 43. Ra8 Kg4 44. Re8 Bg2 45. Re6 Kf5 46. Ra6 Bf1
47. Ra8 Kg4 48. Rg8 Kh5 49. Kxe4 Rxd2 50. a6 Bxa6 51. Ra8 Bb7+ 0-1

[Event "Russian Championship B15 1st league 2016"]
[Site "Loo"]
[Date "2016.04.21"]
[Round "2.36"]
[White "Babunov, Alexander"]
[Black "Medvedev, David"]
[Result "1-0"]
[WhiteElo "1780"]
[BlackElo "1350"]
[PlyCount "61"]
[EventDate "2016.04.20"]

1. d4 Nf6 2. c4 d6 3. Nc3 g6 4. e4 Bg7 5. Nge2 O-O 6. Ng3 c5 7. d5 a6 8. Be2
Nbd7 9. Bg5 Qb6 10. Qd2 Qb4 11. O-O Ne5 12. b3 Rb8 13. Qc2 b5 14. Rab1 Qa5 15.
Bd2 bxc4 16. bxc4 Qc7 17. Rxb8 Qxb8 18. Rb1 Qa7 19. f4 Ned7 20. Na4 Bb7 21. Bc3
Rb8 22. e5 Ne8 23. Bg4 Bc8 24. Re1 Nc7 25. exd6 exd6 26. Bxg7 Kxg7 27. Qc3+ Kg8
28. Ne4 Nb6 29. Nf6+ Kf8 30. Nxb6 Bxg4 31. Nxg4 1-0

[Event "Russian Championship B15 1st league 2016"]
[Site "Loo"]
[Date "2016.04.21"]
[Round "2.37"]
[White "Arkhipenko, Denis"]
[Black "Voronkov, Evgeny"]
[Result "1-0"]
[WhiteElo "1757"]
[BlackElo "1379"]
[PlyCount "59"]
[EventDate "2016.04.20"]

1. d4 d5 2. Bf4 Nf6 3. e3 c6 4. Nf3 e6 5. Bd3 Bd6 6. Ne5 Nbd7 7. Nd2 Qc7 8.
Ndf3 O-O 9. a3 Nh5 10. Bg3 Nxg3 11. hxg3 h6 12. Nxd7 Bxd7 13. g4 f6 14. g5 fxg5
15. Nxg5 e5 16. Bg6 Rf6 17. Qh5 Bf5 18. Bf7+ Rxf7 19. Qxf7+ Qxf7 20. Nxf7 Kxf7
21. Kd2 exd4 22. exd4 Bf4+ 23. Kc3 Re8 24. Rae1 Rxe1 25. Rxe1 Be4 26. f3 Bf5
27. Kb3 g5 28. c4 g4 29. fxg4 Be4 30. Rf1 1-0

[Event "Russian Championship B15 1st league 2016"]
[Site "Loo"]
[Date "2016.04.21"]
[Round "2.38"]
[White "Dolgirev, Lev"]
[Black "Petrovsky, Andrey"]
[Result "1-0"]
[WhiteElo "1448"]
[BlackElo "1756"]
[PlyCount "69"]
[EventDate "2016.04.20"]

1. c4 e5 2. Nf3 d6 3. Nc3 Nc6 4. d4 Bg4 5. d5 Nce7 6. h3 Bd7 7. e4 g6 8. Bd3
Bg7 9. O-O f5 10. Bd2 Nf6 11. Qc1 O-O 12. Bh6 f4 13. Bxg7 Kxg7 14. c5 h6 15. b4
g5 16. Nd2 Ng6 17. Nc4 dxc5 18. bxc5 f3 19. g3 Bxh3 20. Re1 Qd7 21. Ne3 Qf7 22.
Qd1 Nd7 23. Nf5+ Bxf5 24. exf5 Nf4 25. Qxf3 Nxd3 26. Qxd3 Qxf5 27. Qxf5 Rxf5
28. Nb5 Nxc5 29. Nxc7 Rd8 30. Rec1 b6 31. Rxc5 bxc5 32. Ne6+ Kf7 33. Nxd8+ Ke7
34. Nb7 e4 35. Nxc5 1-0